| 000 | 00527nam a2200181Ia 4500 | ||
|---|---|---|---|
| 003 | OSt | ||
| 005 | 20201127120731.0 | ||
| 008 | 190216s9999||||xx |||||||||||||| ||und|| | ||
| 020 | _a8171307841 | ||
| 040 | _coclc | ||
| 082 |
_a894.8123 _bMUN/M |
||
| 100 | 1 |
_aMunshi, Kanaiyalal Maneklal, _9289 _d1887-1971 |
|
| 245 | 0 |
_aMadhurapuri / _c K M Munshi |
|
| 260 |
_bD C Books Kerala, _c1997. _aKottayam: |
||
| 300 | _a407p | ||
| 650 | _aMalayalam Novel | ||
| 942 |
_cBK _2ddc _h894.8123 _iMUN/M _k894.8123 _mMUN/M |
||
| 999 |
_c27719 _d27719 |
||